<?xml version="1.0" encoding="UTF-8"?><?xml-stylesheet type="text/xsl" href="static/style.xsl"?><OAI-PMH xmlns="http://www.openarchives.org/OAI/2.0/" xmlns:xsi="http://www.w3.org/2001/XMLSchema-instance" xsi:schemaLocation="http://www.openarchives.org/OAI/2.0/ http://www.openarchives.org/OAI/2.0/OAI-PMH.xsd"><responseDate>2026-06-04T12:43:26Z</responseDate><request verb="GetRecord" identifier="oai:riuma.uma.es:10630/41351" metadataPrefix="marc">https://riuma.uma.es/rest/oai/request</request><GetRecord><record><header><identifier>oai:riuma.uma.es:10630/41351</identifier><datestamp>2026-02-03T11:23:49Z</datestamp><setSpec>com_10630_2254</setSpec><setSpec>col_10630_37953</setSpec></header><metadata><record xmlns="http://www.loc.gov/MARC21/slim" xmlns:dcterms="http://purl.org/dc/terms/" xmlns:doc="http://www.lyncode.com/xoai" xmlns:xsi="http://www.w3.org/2001/XMLSchema-instance" xsi:schemaLocation="http://www.loc.gov/MARC21/slim http://www.loc.gov/standards/marcxml/schema/MARC21slim.xsd">
   <leader>00925njm 22002777a 4500</leader>
   <datafield ind2=" " ind1=" " tag="042">
      <subfield code="a">dc</subfield>
   </datafield>
   <datafield ind2=" " ind1=" " tag="720">
      <subfield code="a">Cueto-Martín, Belén</subfield>
      <subfield code="e">author</subfield>
   </datafield>
   <datafield ind2=" " ind1=" " tag="720">
      <subfield code="a">De la Cruz-Márquez, Juan Carlos</subfield>
      <subfield code="e">author</subfield>
   </datafield>
   <datafield ind2=" " ind1=" " tag="720">
      <subfield code="a">Burgueño, Rafael</subfield>
      <subfield code="e">author</subfield>
   </datafield>
   <datafield ind2=" " ind1=" " tag="720">
      <subfield code="a">García-Mármol, Eduardo</subfield>
      <subfield code="e">author</subfield>
   </datafield>
   <datafield ind2=" " ind1=" " tag="260">
      <subfield code="c">2024-03-26</subfield>
   </datafield>
   <datafield ind2=" " ind1=" " tag="520">
      <subfield code="a">Objective: To determine if the active methodology for improving sports initiation (M.A.M.I.deporte®) shared between children and parents successfully promotes children in sports activities, maintains their activity and improves long-term adherence. Participants: The study involved 118 participants aged between 2 and 11 years (6.3 ± 2.3). In the first season, 34 participated (16 girls; 18 boys); in the second season, 46 participated (22 girls; 24 boys) and in the third season, 38 participated (19 girls; 19 boys). Methodology: It was carried out fromOctober to June over three academic years for two hours a week. Every 4 sessions a different sporting activity was carried out, planned so that parents and children could practise them, simultaneously. Analysis: At the beginning and end of each period, a survey was carried out on the sports activities in which the participants had started. If participants remained in the activity, the survey was face-to-face and if participants no longer attended the activity, they were contacted by telephone. Descriptive values were obtained for the variables in absolute and percentage form and a repeated measures anova was performed. Results: Vigorous physical activity performed was 3.82 ± 1.16 h/week in the first year, 3.38 ± 1.59 in the second year and 2.99 ± 1.46 in the third year with no significant differences between any of the years. 32.20% joined other sporting activities and only 6.78% gave up vigorous physical activity. Conclusion: Joint activity of parents and children contributed to maintaining vigorous physical activity at the recommended levels in the child population with only 6.78% (n = 8) of the participants dropping out.</subfield>
   </datafield>
   <datafield ind1="8" ind2=" " tag="024">
      <subfield code="a">Cueto-Martín, B., De la Cruz-Márquez, J. C., Burgueño, R., &amp; García-Mármol, E. (2024). Efficacy of physical activity shared between parents and children to improve sports initiation in the M.A.M.I.deporte® program. Frontiers in Sports and Active Living, 6(March), 1–8. https://doi.org/10.3389/fspor.2024.1372664</subfield>
   </datafield>
   <datafield ind1="8" ind2=" " tag="024">
      <subfield code="a">https://hdl.handle.net/10630/41351</subfield>
   </datafield>
   <datafield ind1="8" ind2=" " tag="024">
      <subfield code="a">10.3389/fspor.2024.1372664</subfield>
   </datafield>
   <datafield tag="653" ind2=" " ind1=" ">
      <subfield code="a">Ejercicio físico para niños</subfield>
   </datafield>
   <datafield tag="653" ind2=" " ind1=" ">
      <subfield code="a">Educación familiar</subfield>
   </datafield>
   <datafield ind2="0" ind1="0" tag="245">
      <subfield code="a">Efficacy of physical activity shared between parents and children to improve sports initiation in the M.A.M.I.deporte® program</subfield>
   </datafield>
</record>
</metadata></record></GetRecord></OAI-PMH>